Score 0/54 Timer 01:00
0 Plays Today
% Correct
Tunis
86.1%
Cairo
85.6%
Conakry
82.2%
Gaborone
82.1%
Maputo
82.1%
Maseru
82.1%
Mbabane
82.1%
Pretoria
82.1%
Algiers
81.2%
Kampala
80.2%
Banjul
77.6%
Bissau
77.6%
Yamoussoukro
77.3%
Tripoli
77.1%
Porto-Novo
75.9%
Asmara
74.8%
Dakar
72.9%
Freetown
72.4%
Malabo
68.6%
Nairobi
67.9%
Addis Ababa
67.5%
Djibouti
67.5%
Lomé
66.9%
Accra
66.8%
Yaoundé
66.8%
Brazzaville
66.7%
Kinshasa
66.7%
% Correct
Luanda
66.7%
Nouakchott
64.8%
Rabat
63.8%
Bamako
62.8%
Abuja
59.3%
Dodoma
59%
Praia
57%
Gitega
55.7%
Kigali
55.7%
Ouagadougou
54.3%
Monrovia
54.1%
Harare
51.4%
Lilongwe
51.4%
Lusaka
51.4%
Khartoum
51.1%
São Tomé
50.9%
Libreville
50.9%
Juba
50.4%
Windhoek
43.9%
Mogadishu
40.9%
Niamey
39.3%
Antananarivo
33.8%
Victoria
27.4%
N'Djamena
25.1%
Bangui
24.1%
Moroni
20.7%
Port Louis
20%

You're not logged in!

Compare scores with friends on all Sporcle quizzes.
OR
Log In

Sporcle TV

Today on Sporcle TV


Watch our educational content, quiz creation guides, and fun videos on Sporcle TV.

Show Comments

Extras

Top Quizzes Today


Score Distribution

Paid Content

Your Account Isn't Verified!

In order to create a playlist on Sporcle, you need to verify the email address you used during registration. Go to your Sporcle Settings to finish the process.

Report this User

Report this user for behavior that violates our Community Guidelines.

Details: